Horliwá Pjseň ke cti swatého Crhy a Strachoty

Bibliographic Details
Corporate Author: Škarnicel, Jozef (Skalica, Slovensko) (Printer)
Other Authors: Škarnicel, Jozef, 1804-1877 (Printer)
Format: Book
Language:Slovak
PhysicalDescription:[7] s. 11 cm
Published: W Skalicy v Škarnycla Synů 1863
Subjects:

MARC

LEADER 00000nam a2200000 a 4500
001 vtls011756353
003 SK-MaSNL
005 20260301183209.0
008 200104s1863 xo a 0 an0 slo
015 |a SNBHFA1863 
035 |a urn:nbn:sk:snk-am00d3f1 
035 |a urn:nbn:sk:snk-am3hkc6 
035 |a 0ED85D42-4CC5-4320-A579-A6506ACCB23F 
040 |a SNKHF  |b slo  |c SNK  |e AACR2 
041 0 |a slo 
044 |a xo  |c SK 
072 7 |a 09  |x Rukopisy, prvotlače, staré tlače. Vzácne a pozoruhodné diela  |2 konspekt 
080 |a 098:398.51  |2 1981 
130 0 |a Horliwá  |9 353511 
245 1 0 |a Horliwá Pjseň ke cti swatého Crhy a Strachoty 
260 |a W Skalicy  |b v Škarnycla Synů  |c 1863 
300 |a [7] s.  |c 11 cm 
500 |a Titulná strana s drevorezom. Ozdobná linka 
501 |a Prív. 19. k: Pobožná Pjseň o Vmučenj Pána Gežjsse Krysta, k rozgjmánj wydaná. W Skalicy : v Fr. X Škarnycla a Synů, [1828-1879].  |5 SNK SE 150/1-21/prív.19 
546 |a Slovenčina  |b Fraktúra 
650 0 7 |a jarmočné tlače  |2 SNKPH  |9 256383 
700 1 |a Škarnicel, Jozef,  |d 1804-1877  |4 prt  |9 169168 
710 0 |a Škarnicel, Jozef (Skalica, Slovensko)  |4 prt  |9 271317 
752 |a Slovensko  |d Skalica 
852 |a SNK  |p SE 150/1-21/prív.19 
958 |a ONDV 
999 |c 856142  |d 858072 
952 |a SNK  |b SNK  |y PREZ  |7 0  |p 17A1300762  |o snkSE 150/1-21/prív.19  |i snk4842/28  |0 0  |1 0  |4 0  |d 2018-05-15  |f 1  |l 0  |r 2026-02-24 04:56:40  |w 2026-02-24